000
00265nam a22001097a 4500
008
170110b xxu||||| |||| 00| 0 eng d
020
_a
9780323030311
041
_a
eng
080
_a
618.2
245
_a
THE NURSE, THE MATH, THE MEDS
_c
MULHOLLAND, J.M
942
_2
udc
_c
BK
999
_c
2659
_d
2659